| 000 | 00730nam0a22002531 4500 | ||
|---|---|---|---|
| 001 | rc\185188 | ||
| 005 | 20250620223426.0 | ||
| 010 |
_a5-15-000398-0 _950000 |
||
| 035 | _a(NLR Aleph) 005443488 | ||
| 090 |
_a4782299 _c4782299 |
||
| 100 | _a20030307d1997 |||y0rusy50 ca | ||
| 101 | 0 | _arus | |
| 102 | _aRU | ||
| 105 | _ay ||||||||| | ||
| 200 | 1 |
_aЧто я без тебя... _fДжудит Макнот _g[Перевод с англ. Е.С. Шерра] |
|
| 210 |
_aМ. _aНазрань _cАСТ _d1997 |
||
| 215 |
_a510 с. _d21 |
||
| 225 | 1 | _aОткровение | |
| 700 | 1 |
_aМакнот _bД. _gДжудит |
|
| 801 | 0 |
_aRU _bNLR _gpsbo |
|
| 801 | 1 |
_aRU _bELAR _2rusmarc |
|
| 852 |
_aNLR _j97-3/11885 |
||
| 942 | _cBOOK | ||
| 980 | _aNB | ||